| 000 | 00504nam a22001577a 4500 | ||
|---|---|---|---|
| 008 | 160420b xxu||||| |||| 00| 0 eng d | ||
| 020 | _a9789719385707 | ||
| 082 |
_22007 _aDFil 364.05 _bAg1c |
||
| 100 |
_95963 _aAgas, Juan L. |
||
| 245 |
_aComprehensive criminology digest: _bcriminal jurisprudence and procedures/ _cJuan L. Agas |
||
| 260 |
_aNaga City: _bRCD Book Store, _cc2007. |
||
| 300 |
_aiii, 337 pages: _c24.5 cm. |
||
| 650 | 0 |
_95964 _aCrime |
|
| 700 |
_95965 _aGuevara, Ricardo M. |
||
| 942 |
_2ddc _cBK |
||
| 999 |
_c1869 _d1869 |
||